000
00312nam a22001337a 4500
008
181012b xxu||||| |||| 00| 0 eng d
020
_a
0721636594
041
_a
eng
080
_a
617
100
_a
8
101
_a
OFT
245
_a
Diagnostic Problems in Clinical Ophthmalmology
_c
Margo,C.E
942
_2
udc
_c
BK
999
_c
49479
_d
49479